|
|
|
|
| LEADER |
00000nam a22000004a 4500 |
| 001 |
vpro10200 |
| 005 |
20201223000000.0 |
| 008 |
160705s2016 ck # g## #001 0#eng#d |
| 020 |
|
|
|
| 022 |
|
|
|
| 040 |
|
|
|a CO-BoINGC
|
| 041 |
0 |
|
|a eng
|
| 245 |
1 |
0 |
|a Source Capture and PPE Solutions for Weld Fume Management
|
| 246 |
|
|
|a Captura de fuente y soluciones PPE para el manejo de gases de soldadura
|
| 264 |
|
|
|a Bogot ̀(Colombia) :
|b Revista VirtualPRO,
|c 2016
|
| 520 |
3 |
|
|
| 650 |
\ |
\ |
|a Soldadura
|
| 650 |
\ |
\ |
|a Welding
|
| 650 |
\ |
\ |
|a soldadura
|
| 650 |
\ |
\ |
|a welding
|
| 700 |
\ |
\ |
|a Canal AWSOnline / YouTube
|
| 856 |
|
|
|z Source Capture and PPE Solutions for Weld Fume Management
|u https://virtualpro.unach.elogim.com/biblioteca/captura-de-fuente-y-soluciones-ppe-para-el-manejo-de-gases-de-soldadura
|